Bez obalu niet obchodu zborník vedeckých statí

Guardado en:
Detalles Bibliográficos
Autor Corporativo: Ekonomická univerzita v Bratislave. Obchodná fakulta
Otros Autores: Krnáčová, Paulína, 1983-, Janech, Juraj, Gondárová, Jana, 1983-
Formato: Libro
Lenguaje:eslovaco
Publicado: Košice Euroedu 2013
Materias:
Etiquetas: Agregar Etiqueta
Sin Etiquetas, Sea el primero en etiquetar este registro!

MARC

LEADER 00000nam a2200000 4500
001 0178261
005 20240502073030.5
020 |a 978-80-971047-2-6 
041 0 |a slo 
044 |a SK 
245 1 0 |a Bez obalu niet obchodu  |b zborník vedeckých statí  |c zborník zostavila Paulína Krnáčová ; recenzenti: Juraj Janech, Jana Gondárová 
264 1 |a Košice  |b Euroedu  |c 2013 
300 |a 91 s. [4,55 AH] 
610 2 0 |a obaly 
610 2 0 |a technika obalová 
610 2 0 |a balenie 
610 2 0 |a potraviny 
700 1 |a Krnáčová, Paulína, 1983- 
700 1 |a Janech, Juraj 
700 1 |a Gondárová, Jana, 1983- 
710 2 |a Ekonomická univerzita v Bratislave. Obchodná fakulta